000 00316nam a2200169Ia 4500
100 _aMcComb/Gordon
650 _arobo
942 _cBK
366 _f20
654 _arobot
245 _aMake :How to make a Robot
260 _bSPD
_c2018
082 _bMCC
300 _a49
546 _aENGLISH
999 _c34554
_d34554